• 首页
  • 本馆介绍
  • 公告通知
  • 最新文献
  • 馆藏检索
  • 电子资源
  • 读者导购
  • 参考咨询
  • 我的图书馆
  • 登录
  • 详细信息显示
  • 放入我的书架
  • 预约/预借图书
  • 作者相关作品
  • 分类相关作品
  • 丛书相关作品
  • 出版社相关作品

书目信息

  • 表格格式
  • 工作单格式
  • 卡片格式
题名:
中国通
    
 
作者: 卡恩 著 ;陈亮 译
分册:  
出版信息: 北京   新华出版社  1980
页数: 392页
开本: 19cm
丛书名:
单 册:
中图分类: D829.712
科图分类:
主题词: 中外关系--国际关系史--美国
电子资源:
ISBN:
000 00803nam0 2200253 45
001 0180007942
005 20070730145909.75
010    @dCNY0.97
091    @a11203.006
100    @a19950612d1980 em y0chiy0121 ea
101 1  @achi@ceng
102    @aCN@b110000
105    @ay z 000yy
200 10 @a中国通@Azhong guo tong@e美国一代外交官的悲剧@EMei Guo Yi Dai Wai Jiao Guan De Bei Ju@f(美)伊·卡恩著@F(Mei)Yi·Ka En Zhu@g陈亮等译
210    @a北京@c新华出版社@d1980
215    @a392页@d19cm
517    @a美国一代外交官的悲剧@AMei Guo Yi Dai Wai Jiao Guan De Bei Ju
606    @a中外关系@x国际关系史@y美国
690    @aD829.712@v3
701  0 @a卡恩@4著
702  0 @a陈亮@Achen liang@4译
801  2 @aCN@bNLC@c20070730
801  0 @aCN@b上海图书馆@c20040102
905    @dD829.712@e29@f1@b173642
    
    中国通:美国一代外交官的悲剧/(美)伊·卡恩著/陈亮等译.-北京:新华出版社,1980
    392页;19cm
    
    
    ISBN :CNY0.97
    
●
相关链接 在E读中查询图书 在五车中查询图书 在当当中查询图书 在豆瓣中查询图书


正题名:中国通     索取号:D829.712/29         预约/预借

序号 登录号 条形码 馆藏地/架位号 状态 备注
1 0173640   001857002   密集书库/ [索取号:D829.712/29] 在馆    
2 0173641   001857011   密集书库/ [索取号:D829.712/29] 在馆    
3 0173642   001025777   第一样本阅览室/ [索取号:D829.712/29] 在馆    
4 0173765   001024876   第一借阅区/ [索取号:D829.712/29] 在馆    
5 0785534   207855347   密集书库/ [索取号:D829.712/29] 在馆    
唐山师范学院图书馆 欢迎您!
大连网信软件有限公司© 版权所有